Quizzes
Events
Quiz Creation
Community
Videos
Private Events
Remove Ads
Sign In
Join for FREE
Feedback
Dark Mode
Quiz Categories
Sports
Geography
Music
Movies
Television
Just For Fun
Miscellaneous
History
Literature
Language
Science
Gaming
Entertainment
Religion
Holiday
For Kids
Quiz Lab
Recent
Popular Today
Quiz Kudos Today
Editor Picks
Curator Picks
Quizzes by...
Day
Popularity
Type
Ratings
Length
Year
Community
Subscriptions
Recent Discussions
Orange Saloon
Badges
Playlists
Quests
Create
Leaderboards
Showdown
Live 5
Trivia Bingo
Activity
Puzzle Library
Sporcle Events
Private Events
Virtual Trivia
Globe League
Become a Host
Pub Owners
SporcleCon
Opinionation
Our Games
Videos
Blog
Mobile Apps
Partnerships
Remove Ads and Go Orange
Feedback
Science
Computer
Plants
Astronomy
Chemistry
Elements
Math
Animal
Physics
Anatomy
Biology
Geology
General Science
Science
Computer
Plants
Astronomy
Chemistry
Elements
Math
Animal
Physics
Anatomy
Biology
Geology
General Science
Random Quiz
Search Sporcle
×
Quiz Lab
Quiz Lab
Science
cell
Type in answers that appear in a list
Type in answers that appear in a list
Classic
Best Score? Go Orange.
Cell Division Stats
Can you name the Cell Division?
By
EffDevBio
15m
39 Questions
19 Plays
19 Plays
19 Plays
Comments
Comments
Give Quiz Kudos
Give Quiz Kudos
-
- Ratings
hide this ad
Replay
Link that replays current quiz
Next Quiz
Link to next quiz in quiz playlist
You Got
0%
They Got
Avg Score
19%
Avg Friend Score
Upgrade to see
Score Distribution
Jump to the score distribution portion of the page
Score
0/39
Timer
15:00
0
Plays Today
Hint
Answer
% Correct
M Phase depends on DNA replication and _
_
_
_
_
Duplication in preceding interphase
centrosome
68.4%
shortening of kinetochore microtubules, movement of daughter chromosomes to poles, force generated mainly at kinetochores
Anaphase A
42.1%
sister chromatids are held together by
cohesin
36.8%
replicated chromosomes condense, mitotic spindle assembles between 2 centrosomes
prophase
36.8%
M phase is divided into _
_
_
_
stages
6
31.6%
the mitotic spindle is made of
microtubules
31.6%
True or false: plant cells have an actin-
myosin contractile ring
False
31.6%
True or false: Mitosis always includes cytokinesis
False
31.6%
DNA is coiled by
Condensin
26.3%
the contractile ring in cytokinesis is made of
actin and myosin
26.3%
DNA is replicated in
S phase
26.3%
pushing and pulling forces contribute to
anaphase b
26.3%
Proteins required for cytokinesis are activated by _
_
_
_
_
during mitosis
M-Cdk
15.8%
Remnants of mitotic spindle are required for assembly of
contractile ring
15.8%
in prometaphase, chromosomes can now attach to spindle microtubules via
kinetochores
15.8%
2 sets of daughter chromosomes arrive at the _
_
_
_
_
_
of the spindle and decondense
poles
15.8%
Microtubule asters form around each of the 2 _
_
_
_
_
_
_
produced at S phase
centrosomes
15.8%
Microtubules become _
_
_
_
_
stable during mitosis
less
15.8%
interactions between opposing motor proteins and microtubules of opposite polarity drive
spindle assembly
15.8%
attach centrosomes to mitotic spindle
kinetochores
15.8%
Hint
Answer
% Correct
attach chromosomes to the mitotic spindle
kinetochores
15.8%
a sliding force is generated between overlap of microtubules from opposite poles to push the poles apart
Anaphase B1
15.8%
a pulling force acts directly on the poles to move them apart
Anaphase B2
15.8%
in metaphase _
_
_
_
_
_
attach sister chromatids to opposite poles of the spindle
kinetochore microtubules
10.5%
sister chromatids synchronously separate, _
_
_
_
_
_
_
move apart
spindle poles
10.5%
mitotic spindle in animals develops from
microtubule asters
10.5%
during anaphase A, these disassemble
kinetochore microtubules
10.5%
when _
_
_
_
_
stabilize, microtubule instability increases
MAPs
10.5%
When _
_
_
_
_
_
destabilize, microtubule instability increases
catastrophins
10.5%
rapid _
_
_
_
_
_
results in survival of only productive microtubules
turnover
10.5%
organize tubules at spindle poles
negative end motors
10.5%
push tubules of opposite orientation against each other
positive end motors
10.5%
kinetochores bind to
astral microtubule
10.5%
drives chromosome movement and microtubule disassembly
ATP-driven motor protein
10.5%
determine the plane of cell division
microtubules of mitotic spindle
10.5%
must be distributed to daughter cells in cytokinesis
organelles
10.5%
guides cytokinesin in higher plants
phragmoplast
10.5%
M phase evolved gradually from
prokaryotic fission
10.5%
a bacterial tubulin homolog
FisZ
10.5%
Quiz Playlist
Details
Report
Send in Message
Add To Playlist
Classic:
Type in answers that appear in a list
Last Updated: Feb 16, 2017
Quiz Scoreboard
CHALLENGE
Sign Up to Join the Scoreboard
Show All
Scores
Hide
Comments
May contain spoilers
Recently Published
Alphabetical 'K' Countries by Flag Minefield
by ylime102
Geography
3m
Pick 6: Fruits
by JohnFran
Miscellaneous
15s
Click the 1999 NBA Draft
by nibperrychub
Sports
2m
More to Explore
Quiz From the Vault
Featured Blog Post
15 Basketball Trivia Facts You Can Be March Mad About
hide this ad
You Might Also Like...
Tags
cell
Division
Today's Top Quizzes in Science
Browse Science
hide this ad
Today's Top Quizzes in cell
Browse cell
Top Contributed Quizzes in Science
1
Pick 6: Animals
2
Group Clicking: Animals II
3
Square Numbers Scrambled (1-50)
4
Flowers by Accent Chairs
5
The First 100 Digits of Pi
6
Find the Spring Animals
7
Why is the sky blue? And other physics questions.
8
Trigonometric Exact Values
9
Needlepoint Flowers
10
Word Ladder: A Quick One (7)
Explore More
Trending Topics
Crossword
Anime
Harry Potter
Marvel
Disney
Kpop
NBA
Puzzle
WWE
Song
Pokémon
The Office
Country
NFL
Soccer
hide this ad
More By:
EffDevBio
Quiz
Plays
Rating
Category
Featured
Created
Mendel & The Gene Idea
70
Science
Oct 31, 2011
Developmental Neurobiology
48
Science
Oct 26, 2011
Inborn Errors of Metabolism
30
Science
Nov 26, 2011
Regulating the Eukaryotic Cell Cycle
24
Science
Oct 26, 2011
Development of the Eye and Ear
23
Science
Oct 20, 2011
Go to Creator's Profile
Score Distribution
Quiz Creator Spotlight
EffDevBio
Follow
Send a Message
Quizzes Created
-
Created Quiz Play Count
-
More By This Creator
Popular Quizzes Today
1
Countries of Asia Without Outlines Minefield
2
Find the US States - No Outlines Minefield
3
Pick 6: Fruits
4
Alphabetical 'K' Countries by Flag Minefield
5
The Countries of the World
6
Find the US States
7
US States
8
Match the Book to the Film X
More Science Quizzes
Simple Math Challenge
Published
Trending Quizzes
Pick 6: Mountains
Pick 6: Harry Potter
Pick 6: NFL Teams
Pick 6: Movie Franchises
Pick 6: Golfers
Recently Updated
NWSL Teams
pecheneg
Women's Final Four Teams by Year
bhenderson79
Presidents Quartet II
eogle
Anything But Clue(do)
eogle
Anything But Oceanian Capitals
eogle
Anything But 7
eogle
Anything But Thing
eogle
Word Ladder: February 29
pecheneg
Song Title Questions
pecheneg
Women's NCAA Tournament #1 Seeds
pecheneg
Trending Topics
Harry Potter
Crossword
Marvel
NBA
Kpop
Anime
Disney
NFL
Soccer
Song
WWE
The Office
Country
Puzzle
Pokémon
Your Account Isn't Verified!
In order to create a playlist on Sporcle, you need to verify the email address you used during registration. Go to your
Sporcle Settings
to finish the process.
Report this User
Report this user for behavior that violates our
Community Guidelines
.
Details:
Send Report
Go to the Sporcle.com Mobile Site →
Comments